000 00622nam a2200205 4500
001 133051
003 ES-MaACL
005 20230906194320.0
007 t|
008 070214s1970 sp r ||||1| spa d
100 1 _aRubbens, F. M.
_9100283
245 1 0 _aEnseñanza programada /
_cF. M. Rubbens y Juan Manuel Moreno G.
260 _aMadrid :
_bParaninfo,
_c1970.
300 _a162 p. ;
_c22 cm.
490 1 _aPhilips. Orientación educativa
700 1 _aMoreno García, Juan Manuel.
_983378
830 0 _aPhilips. Orientación educativa
_9219698
852 _aES-MaACL
_jC-39541
_bR.76157
999 _c133051
_d133051